000 00756nas a2200253 4500
001 BR7406830
003 BR-BrBNA
005 20231205082758.0
007 ta
008 230509b bl.|||p| |||| 00| 00por d
040 _aBR-BrBNA
_bpor
_cBiblioteca Nacional de Agricultura
041 _a(Pt)
072 _aF60
100 1 _aFonseca, H.
100 1 _aGutierrez, L.E.
100 1 _aTeixeira, A.A.
245 1 _aNitrogenio total de graos de cafe verde de diferentes tipos de bebidas
650 _aNITROGENIO
650 _aGRAO
650 _aCAFE
773 0 _tAnais da Escola Superior de Agricultura Luiz de Queiroz (Brazil)
_xISSN 0071-1276
_g(1974), v. 31 p. 491-494
_wBR7406830
909 _a202311
_bLúcia
_c55
_dLúcia Elande
942 _2AGRIS
_n0
_cANA
999 _c94156
_d94156